[Event "HCL-A2597"]
[Site "www.playchess.de"]
[Date "2006.03.31"]
[Round "4"]
[White "terrrrrrrrrible"]
[Black "feight"]
[WhiteElo "1600"]
[BlackElo "1700"]
[PlyCount "38"]
[Result "0-1"]

1.e4 c6 2.Nc3 d5 3.exd5 cxd5 4.Qf3 Nf6 5.d4 Bg4 
6.Qd3 e6 7.Nf3 Nc6 8.Be2 Be7 9.Bf4 O-O 10.O-O Qb6 
11.Na4 Qb4 12.b3 Bxf3 13.c3 Bxe2 14.Qxe2 Qa5 
15.Nb2 Qxc3 16.Rad1 Nxd4 17.Rxd4 Qxd4 18.Be5 Qe4 
19.Re1 Bb4 0-1

[Event "HCL-E1539"]
[Site "www.playchess.de"]
[Date "2006.03.31"]
[Round "3"]
[White "Vinci"]
[Black "Glomp"]
[WhiteElo "1583"]
[BlackElo "1564"]
[PlyCount "61"]
[Result "1-0"]

1.d4 {hallo wiederum und gutes neues jahr!}  d5 
{Auf ein gutes neues Jahr und eine schöne neue 
Partie!}  2.c4 {Danke! Ja, eine spannende Partie 
wünsch ich auch!}  dxc4 3.e4 Nf6 4.Nc3 e5 5.d5 Bb4 
6.Qa4+ {Vergiss nie ein Schach! ;-) Geschieht mir 
auch gelegentlich...}  Nc6 {Mal gucken, ob sich 
noch etwas retten lässt. Figurenverlust im 6. Zug 
ist aber heavy!}  7.dxc6 {ja, ist schon schlimm 
genug, aber auf meinem niveau hab ich s schon oft 
erlebt, dass, wenn der andere dann heftig 
angreift, alles wieder offen sein kann... (frei 
nach Karpov: das schwierigste ist, eine gewonnene 
partie zu gewinnen ;-))}  Bxc3+ {Ist die Stellung 
ruiniert, lebt sich's gänzlich ungeniert!}  8.bxc3 
{wie war und wie gefährlich ;-)}  O-O 9.Qxc4 Bg4 
10.Bg5 {ja ja, genau so ein grundlinienmatt wäre 
natürlich der hammer gewesen ;-)}  b6 {Mit einem 
Klotz weniger muss man nun mal alle schmutzigen 
Tricks probieren, auch solche simplen Matts!}  
11.Be2 {natürlich! und auf meinem niveau kann noch 
viel passieren, leider...}  Be6 {Kann - aber wird 
vermutlich nicht, so wie ich dich kenne! Es sei 
denn, du lässt jetzt einzügig die Dame stehen...}  
12.Qd3 {Ne, einzügig nicht, wobei ich auch schon 
einzügige Matts übersehen habe. Aber es kommt 
dermassen auf Tageslust, -zeit, -form an, dass mir 
immer wieder solche Fehler geschehen. Spielst Du 
in einem Club Schach? Oder sonst Turniere?}  Qe7 
{Ich spiele Mannschaft in der Bezirksklasse, 
Turniere derzeit weniger. Und du?}  13.Nf3 {Ich 
spiele in der 2. Liga. Es gibt Nationalliga A und 
B, 1. Liga und so weiter, aber ich spiele auch 
derzeit weniger. Habe etwa 1850 Elo.}  h6 {Ich 
habe eine DWZ (Deutsche Wertungszahl) von knapp 
über 1800.}  14.Bh4 Qc5 15.Bxf6 gxf6 16.O-O Qxc6 
17.Qe3 Kg7 18.Rfd1 Qb7 19.Nh4 Rad8 20.f4 Rd6 
21.fxe5 fxe5 22.Qg3+ Kh7 23.Qxe5 Rxd1+ {Jetzt habe 
ich nicht mal mehr einen Bauern für die Figur - 
die Zeit der Aufgabe naht.}  24.Rxd1 {ja, die 
aufgabe naht, aber ist noch nicht. dies war 
ausnahmsweise kein so interessantes spiel, du hast 
mir die partie geschenkt.}  Bxa2 25.Nf5 Rg8 26.Rd8 
{ablenkung}  Rxg2+ {racheschach}  27.Kxg2 {;-) ich 
musste ihn nehmen...}  Qxe4+ {Und noch eins - weil 
das so'n Spaß macht!}  28.Qxe4 Bd5 {Und jetzt noch 
eine tödliche Fesselung der Dame!}  29.Qxd5 {du 
machst mir das leben schwer...}  Kg6 {Jetzt noch 
irgendwie ein Patt herbeizaubern - nein, im 
nächsten Zug gebe ich auf. War schon schwer genug, 
etwas gegen das Matt in 1 zu finden!}  30.Qe5 {ein 
undankbares spiel mit einer (verschenkten) figur 
weniger...}  f6 {Einen Kommentar noch, bevor ich 
aufgebe: Herzlichen Glückwunsch zum Aufstieg in 
dieser Gruppe und viel Spaß in der E-Klasse!}  
31.Nh4+ {besten dank! ich hoffe, ich bleib dieses 
mal länger in der e-klasse!}  1-0

[Event "HCL-E1618"]
[Site "www.playchess.de"]
[Date "2006.03.31"]
[Round "6"]
[White "yannick"]
[Black "Bauarbeiter"]
[WhiteElo "1561"]
[BlackElo "1786"]
[PlyCount "23"]
[Result "1-0"]

1.e4 {hi,enjoy this tournament}  c5 {Hi. Nice to 
meet you. Good luck.}  2.Nf3 e6 3.d3 g6 4.Be2 Bg7 
5.O-O d5 6.Nc3 a6 7.Bg5 Ne7 8.Qd2 d4 9.Na4 Qc7 
10.Bxe7 Qxe7 11.Nb6 Qd7 12.Nxd7 1-0

[Event "HCL-M896"]
[Site "www.playchess.de"]
[Date "2006.03.31"]
[Round "2"]
[White "Emerson"]
[Black "Tapiwa"]
[WhiteElo "1802"]
[BlackElo "1972"]
[PlyCount "90"]
[Result "0-1"]

1.d4 {hello and welcome to our 
game!
}  Nf6 {Hi. Best wishes to you too.}  2.e3 {merci} 
 g6 3.Bd3 Bg7 4.c3 O-O 5.f4 d5 6.Nd2 Bf5 7.Qc2 e6 
8.Ngf3 Ng4 9.Nf1 Bxd3 10.Qxd3 Nd7 11.h3 Ngf6 12.g4 
Ne4 13.Bd2 c5 14.h4 cxd4 15.exd4 Qb6 16.Rb1 Qa5 
17.Ra1 Rac8 18.h5 Qb6 19.Rb1 Qa5 20.Ra1 Qb6 21.Rb1 
Qc6 22.hxg6 fxg6 23.Qe2 Qa4 24.Ra1 Qc2 25.Bc1 Rxc3 
26.Qxc2 Rxc2 27.Rh2 Rc7 28.Be3 Rfc8 29.N1d2 Nef6 
30.Rg2 R7c2 31.Rb1 Nb6 32.Ne5 Ne4 33.Kf1 Nxd2+ 
34.Bxd2 Nc4 35.Nxc4 R8xc4 36.b3 Rxd4 37.Be3 Rxg2 
38.Kxg2 Rd3 39.Bxa7 Rd2+ 40.Kf3 Rxa2 41.Bc5 Rc2 
42.b4 Rc3+ 43.Kf2 Rc4 44.Ke3 e5 45.Bd6 
Rxf4 0-1

[Event "HCL-E1587"]
[Site "www.playchess.de"]
[Date "2006.03.31"]
[Round "2"]
[White "TheGreatGatsby"]
[Black "Miguelito"]
[WhiteElo "2001"]
[BlackElo "1330"]
[PlyCount "45"]
[Result "1-0"]

1.e4 e6 2.d4 d5 3.Nd2 Nc6 4.c3 Bd6 5.e5 Be7 6.Bd3 
Nh6 7.Ndf3 Ng4 8.h3 Nxf2 9.Kxf2 O-O 10.h4 f6 
11.exf6 Bxf6 12.Ne2 e5 13.dxe5 Bxh4+ 14.Kg1 Bf5 
15.Bxf5 Rxf5 16.Nxh4 Rh5 17.Nf3 Qe8 18.Ng3 Rxh1+ 
19.Kxh1 Rd8 20.Bg5 Nxe5 21.Bxd8 Qxd8 22.Nxe5 c6 
23.Qg4 1-0

[Event "HCL-B3964"]
[Site "www.playchess.de"]
[Date "2006.03.31"]
[Round "10"]
[White "larese"]
[Black "hal1958"]
[WhiteElo "894"]
[BlackElo "1399"]
[PlyCount "101"]
[Result "1-0"]

1.d4 Nf6 2.Nc3 d5 3.Nf3 Bg4 4.e3 e6 5.Bd3 c5 
6.dxc5 Bxc5 7.h3 Bxf3 8.Qxf3 O-O 9.Ne2 a6 10.e4 
dxe4 11.Bxe4 Nxe4 12.Qxe4 Nc6 13.Bd2 Qf6 14.O-O 
Rfd8 15.Bc3 Qe7 16.Rad1 Rxd1 17.Rxd1 Rd8 18.Rxd8+ 
Qxd8 19.Qd3 Qxd3 20.cxd3 b5 21.a3 Kf8 22.b4 Be7 
23.f4 g6 24.g4 f5 25.g5 Bd6 26.Kf2 e5 27.fxe5 Nxe5 
28.Bxe5 Bxe5 29.d4 Bg7 30.Ke3 Ke7 31.Nf4 Kd6 32.h4 
Bf8 33.h5 gxh5 34.Nxh5 Be7 35.Kf4 Ke6 36.Ng7+ Kf7 
37.Nxf5 Bd8 38.Nd6+ Kg6 39.Ne4 Bc7+ 40.Kg4 a5 
41.d5 axb4 42.axb4 Bd8 43.Kf4 Bc7+ 44.d6 Bd8 45.d7 
h6 46.gxh6 Kxh6 47.Kf5 Kg7 48.Ke6 Kf8 49.Nd6 Be7 
50.Nxb5 Bd8 51.Nd6 1-0

[Event "HCL-A2653"]
[Site "www.playchess.de"]
[Date "2006.03.31"]
[Round "4"]
[White "mrchess"]
[Black "BohdanL"]
[WhiteElo "1434"]
[BlackElo "1472"]
[PlyCount "49"]
[Result "1-0"]

1.e4 {good luck}  e5 {and for you too}  2.Nf3 Nc6 
3.Bc4 Nf6 4.d3 Be7 5.Nc3 a6 6.O-O O-O 7.Re1 d5 
8.Bb3 Bg4 9.h3 Bh5 10.exd5 Nd4 11.Re3 Nxf3+ 
12.gxf3 Bd6 13.Ne4 b5 14.Ng3 Bg6 15.c4 Bc5 16.Rxe5 
bxc4 17.dxc4 c6 18.Bg5 cxd5 19.Bxf6 Qxf6 20.Rxd5 
Rad8 21.Qe2 Rfe8 22.Qd2 Rxd5 23.cxd5 Qxf3 24.Rc1 
Be3 25.Qxe3 1-0

[Event "HCL-A2571"]
[Site "www.playchess.de"]
[Date "2006.03.31"]
[Round "3"]
[White "janaj"]
[Black "dayan2"]
[WhiteElo "1238"]
[BlackElo "1700"]
[PlyCount "132"]
[Result "0-1"]

1.c4 {Hello and much fun!}  c5 2.g3 Nf6 3.Bg2 Nc6 
4.Nf3 d6 5.O-O g6 6.a3 Bg7 7.d3 O-O 8.Nc3 Bg4 
9.Rb1 a6 10.h3 Bd7 11.e3 Rb8 12.Ne2 b5 13.b3 bxc4 
14.dxc4 Qc8 15.Kh2 Nd8 16.Bd2 Ne6 17.Nf4 Ne4 
18.Ba5 Bc3 19.b4 cxb4 20.axb4 Qxc4 21.Nd5 Rfe8 
22.Qc2 Qxd5 23.Rfd1 Qb7 24.Nh4 Bc6 25.f3 Nd2 
26.Rxd2 Bxd2 27.Qxd2 g5 28.Nf5 Qb5 29.Nh6+ Kg7 
30.Ng4 h5 31.Qc3+ f6 32.Nf2 h4 33.g4 Qe5+ 34.Qxe5 
dxe5 35.Nd3 Bb5 36.Nc5 Bc4 37.Nxe6+ Bxe6 38.e4 
Rec8 39.Rb2 Rc1 40.Rf2 Rbc8 41.Rb2 {(offering 
draw)}  R8c2 42.Rxc2 Rxc2 43.Kg1 Bc4 44.Bb6 Kf7 
45.Ba7 e6 46.Bc5 f5 47.exf5 exf5 48.gxf5 Kf6 49.f4 
gxf4 50.Be4 Re2 51.Bf3 Re1+ 52.Kh2 Kxf5 53.Bf2 Rb1 
54.Bxh4 Rxb4 55.Be7 Rb2+ 56.Kg1 e4 57.Bg4+ Ke5 
58.Bc5 e3 59.Bf8 Rb1+ 60.Kg2 Bd5+ 61.Bf3 Bxf3+ 
62.Kxf3 Rf1+ 63.Kg2 Rf2+ 64.Kg1 f3 65.h4 Rg2+ 
66.Kf1 e2+ 0-1

[Event "HCL-A2609"]
[Site "www.playchess.de"]
[Date "2006.03.31"]
[Round "6"]
[White "bossjos"]
[Black "foinaven"]
[WhiteElo "1264"]
[BlackElo "1439"]
[PlyCount "94"]
[Result "1/2-1/2"]

1.e4 c5 2.Nf3 d6 3.d4 Nf6 4.Nc3 cxd4 5.Qxd4 Nc6 
6.Bb5 e5 7.Qd3 Bd7 8.Bg5 h6 9.Bh4 g5 10.Bg3 g4 
11.Nd2 Bg7 12.Qxd6 Bf8 13.Qd3 Qc7 14.O-O O-O-O 
15.Bxc6 Bxc6 16.Qe3 Bb4 17.Rad1 h5 18.Bh4 Be7 
19.Qxa7 Rd7 20.Qa8+ Qb8 21.Qxb8+ Kxb8 22.Bg3 Bd6 
23.Nc4 Bc7 24.Rxd7 Nxd7 25.Bh4 Nc5 26.Re1 Re8 
27.Bg3 b5 28.Nd2 Rd8 29.Nb3 Nxe4 30.Nxe4 Bxe4 
31.h3 f5 32.hxg4 hxg4 33.Nc5 Bxc2 34.Rc1 Rd1+ 
35.Rxd1 Bxd1 36.Nd7+ Kb7 37.Nxe5 Kb6 38.Nd3 Bxg3 
39.fxg3 Bc2 40.Nf2 Kc5 41.Kf1 Kc4 42.Ke2 Bb1 43.a3 
Kb3 44.Nd1 Kc4 45.Kd2 Be4 46.Ne3+ Kb3 47.Kc1 Bd3 
{(offering draw)}  1/2-1/2

[Event "HCL-A2564"]
[Site "www.playchess.de"]
[Date "2006.03.31"]
[Round "10"]
[White "SMA"]
[Black "Andy1"]
[WhiteElo "1175"]
[BlackElo "1488"]
[PlyCount "37"]
[Result "1-0"]

1.e4 d5 2.exd5 Nf6 3.Bc4 Nxd5 4.Nc3 c6 5.Nf3 Bg4 
6.h3 Bxf3 7.Qxf3 e6 8.O-O Bd6 9.Ne4 Bc7 10.d4 O-O 
11.Bg5 f6 12.Bd2 f5 13.Nc5 Qc8 14.Bxd5 exd5 
15.Rae1 b6 16.Ne6 Rf7 17.Ng5 Rf6 18.Qh5 h6 
19.Re8+ 1-0

[Event "HCL-A2626"]
[Site "www.playchess.de"]
[Date "2006.03.31"]
[Round "9"]
[White "bossjos"]
[Black "scaper"]
[WhiteElo "1240"]
[BlackElo "1526"]
[PlyCount "36"]
[Result "0-1"]

1.e4 c5 {hi again!}  2.Nf3 {hoi good game}  e6 
3.d4 cxd4 4.Qxd4 Nc6 5.Qd3 Nf6 6.Nc3 a6 7.Bg5 h6 
8.Bh4 e5 9.Nd5 Be7 10.O-O-O Nxd5 11.Qxd5 Bxh4 
12.Nxe5 Qg5+ 13.Qd2 Qxe5 14.Kb1 Bf6 15.c3 Qxe4+ 
16.Bd3 Qxg2 17.Rde1+ Ne7 18.Be4 
Qg5 0-1

[Event "HCL-A2621"]
[Site "www.playchess.de"]
[Date "2006.03.31"]
[Round "1"]
[White "bossjos"]
[Black "PhilipKaveny"]
[WhiteElo "1244"]
[BlackElo "1324"]
[PlyCount "42"]
[Result "0-1"]

1.e4 e5 2.Nf3 Nc6 3.Bc4 Nf6 4.Ng5 Bc5 5.Bxf7+ Kf8 
6.Bb3 d5 7.exd5 Bxf2+ 8.Kxf2 Bg4 9.Qe1 Nxd5 10.Nf3 
Bxf3 11.gxf3 Qh4+ 12.Kf1 Qh3+ 13.Ke2 Nf4+ 14.Kf2 
Qg2+ 15.Ke3 Nd4 16.Rf1 Nf5+ 17.Ke4 Nd6+ 18.Ke3 
Nf5+ 19.Ke4 Qg6 20.Rg1 Ng3+ 21.Ke3 
Qb6+ 0-1

[Event "HCL-C4225"]
[Site "www.playchess.de"]
[Date "2006.03.31"]
[Round "17"]
[White "rouldf"]
[Black "Tribun"]
[WhiteElo "1201"]
[BlackElo "729"]
[PlyCount "25"]
[Result "1-0"]

1.d4 {hi!}  d5 {Hello}  2.c4 e6 3.Nc3 Bb4 4.Qb3 
Nc6 5.Nf3 h6 6.Bf4 Qf6 7.e3 Bd7 8.Ne5 Na5 9.Qxb4 
b6 {ooops}  10.Nxd7 Ne7 11.Nxf6+ {another 
mistake??}  gxf6 {oh I`m totaly confused}  12.Nb5 
{be extra careful next time}  Nec6 {Yes, I will do 
it better}  13.Nxc7+ 1-0

[Event "HCL-M901"]
[Site "www.playchess.de"]
[Date "2006.03.31"]
[Round "28"]
[White "Vince"]
[Black "garethh"]
[WhiteElo "1774"]
[BlackElo "1881"]
[PlyCount "116"]
[Result "1/2-1/2"]

1.d4 {Good luch to you from Holland,Vince}  Nf6 
{Good luck to you from Swansea in Wales. Gareth.}  
2.f4 e6 3.e3 d5 4.Nf3 c5 5.c3 Nc6 6.Bd3 c4 7.Bc2 
Ne4 8.O-O Be7 9.Bxe4 dxe4 10.Ne5 Qc7 11.Nd2 Nxe5 
12.fxe5 b5 13.Nxe4 Bb7 14.Qg4 Bxe4 15.Qxe4 {Fast 
game..}  O-O {Yeah, I don't like to hang around. 
Sometimes it costs me, not taking enough time.}  
16.Qg4 {Okay,let's run}  Qd7 {You can run but you 
can't hide :o)}  17.e4 Kh8 18.Rf3 f5 19.exf5 Rxf5 
20.Rxf5 exf5 21.Qg3 b4 22.Bg5 bxc3 23.bxc3 Bxg5 
24.Qxg5 Rb8 25.Rf1 g6 26.Qf6+ Kg8 27.e6 Qg7 
28.Qxg7+ Kxg7 29.d5 Kf6 30.Re1 Ke7 31.Rd1 Kd6 
32.Rd2 Rb1+ 33.Kf2 g5 34.a4 h5 35.h3 a5 36.Re2 Rb8 
37.g4 fxg4 38.hxg4 h4 39.e7 Re8 40.Re6+ {Nice game 
till now}  Kxd5 {yes, tricky.}  41.Rg6 Rxe7 
42.Rxg5+ Ke4 43.Rh5 Kd3 44.Rxa5 Kxc3 45.Rh5 {What 
about a draw?Vincent...}  Kb3 {Play on for a bit I 
think.}  46.Rxh4 {Tricky,tricky,now you have 
advantage,give me a present for hard working...}  
c3 {It's still not easy but it loks better for me 
than all through the game.}  47.Rh3 Kb2 48.Rh2 c2 
49.Kf3 Rd7 50.g5 Kb3 51.Rxc2 Kxc2 52.Kg4 Rd4+ 
53.Kf5 Rxa4 54.g6 {You are a hard one...}  Ra1 
{:o)}  55.g7 {???}  Rg1 56.Kf6 Kd3 57.Kf7 Rf1+ 
58.Kg6 Rg1+ {(offering draw) I was hoping for Kg8 
so I could get my King closer. I missed Rxc2 when 
I declined your draw offer earlier. Thought you 
had to defend first rank. Guess I need to brush up 
on my rook endgames !!}  1/2-1/2

[Event "HCL-A2664"]
[Site "www.playchess.de"]
[Date "2006.03.31"]
[Round "10"]
[White "mothball"]
[Black "Ulpe"]
[WhiteElo "1308"]
[BlackElo "1648"]
[PlyCount "50"]
[Result "0-1"]

1.Nf3 Nf6 2.g3 g6 3.Bg2 Bg7 4.d3 O-O 5.O-O d5 
6.Nbd2 Nc6 7.e4 e5 8.Re1 dxe4 9.dxe4 Qe7 10.Nc4 
Rd8 11.Qe2 a5 12.Ne3 Nxe4 13.Ng4 Nxg3 14.hxg3 Bxg4 
15.Qb5 Bxf3 16.Bxf3 Nd4 17.Qxb7 Nxc2 18.Qb3 Nxa1 
19.Qa4 Qb4 20.Qxb4 axb4 21.Bxa8 Rxa8 22.Rd1 Nc2 
23.a3 bxa3 24.bxa3 Nxa3 25.Bxa3 
Rxa3 0-1

[Event "HCL-E1607"]
[Site "www.playchess.de"]
[Date "2006.03.31"]
[Round "10"]
[White "Josef1901"]
[Black "Mr_Bill"]
[WhiteElo "1570"]
[BlackElo "1679"]
[PlyCount "60"]
[Result "0-1"]

1.d4 d6 2.c4 e5 3.dxe5 dxe5 4.Qxd8+ Kxd8 5.Nf3 f6 
6.Nc3 Nc6 7.a3 Be6 8.e3 Kc8 9.Be2 Bd6 10.b4 Nh6 
11.Bb2 Rd8 12.Rd1 Be7 13.O-O Nf7 14.h3 f5 15.Rxd8+ 
Bxd8 16.Rd1 e4 17.Nd4 Nxd4 18.exd4 g6 19.d5 Bd7 
20.f3 exf3 21.Bxf3 Nd6 22.c5 Nc4 23.Bc1 Bf6 24.Rd3 
Ne5 25.Re3 f4 26.Rxe5 Bxe5 27.Ne4 a5 28.Bd2 axb4 
29.Bxb4 Bb2 30.Nf6 Bxf6 0-1

[Event "HCL-B3893"]
[Site "www.playchess.de"]
[Date "2006.03.31"]
[Round "8"]
[White "Nutjob"]
[Black "duroy"]
[WhiteElo "1561"]
[BlackElo "1200"]
[PlyCount "37"]
[Result "1-0"]

1.e4 {Greetings...I wish you a good game!}  e5 
{(offering draw) thanks. happy to meet you...i 
must leave now...see you soon}  2.Nf3 Nc6 3.Bc4 d6 
4.d4 f6 5.O-O Nge7 6.dxe5 fxe5 7.Nh4 Bd7 8.Bg5 h5 
9.Qf3 Qc8 10.Qf7+ Kd8 11.Ng6 Be8 12.Nxe7 Bxf7 
13.Nxc8+ Ne7 14.Bxf7 Rxc8 15.Nc3 c6 16.Be6 Rc7 
17.Rad1 g6 18.f4 Bh6 19.Bxh6 1-0

[Event "HCL-E1584"]
[Site "www.playchess.de"]
[Date "2006.03.31"]
[Round "3"]
[White "XANDERKIRV"]
[Black "TheGreatGatsby"]
[WhiteElo "1489"]
[BlackElo "2000"]
[PlyCount "91"]
[Result "0-1"]

1.e4 c5 2.Nf3 Nc6 3.d4 cxd4 4.Nxd4 Nf6 5.Nc3 e5 
6.Nxc6 bxc6 7.Bd3 Be7 8.h3 O-O 9.O-O d5 10.f4 exf4 
11.e5 Nd7 12.Bxf4 Nc5 13.Kh1 Nxd3 14.Qxd3 Bg5 
15.Bxg5 Qxg5 16.Rae1 a5 17.Qd4 Ba6 18.Rf4 Rab8 
19.b3 Rb4 20.Rg4 Qh6 21.Qd1 Rxg4 22.Qxg4 Qd2 
23.Qg3 Qxc2 24.e6 fxe6 25.Rxe6 d4 26.Ne4 d3 27.Re7 
Qc1+ 28.Kh2 g6 29.Qe5 Qf4+ 30.Qxf4 Rxf4 31.Nc3 Rd4 
32.Ra7 Bb5 33.Rxa5 d2 34.Ra7 d1Q 35.Nxd1 Rxd1 
36.a4 Bd3 37.Rd7 Bc2 38.Rxd1 Bxd1 39.Kg3 Bxb3 
40.a5 Bc4 41.Kf2 Ba6 42.Ke3 c5 43.g4 Kg7 44.g5 h6 
45.h4 hxg5 46.hxg5 0-1

[Event "HCL-B3907"]
[Site "www.playchess.de"]
[Date "2006.03.31"]
[Round "10"]
[White "nafets_bln"]
[Black "nico21"]
[WhiteElo "1281"]
[BlackElo "1542"]
[PlyCount "88"]
[Result "0-1"]

1.e4 c5 2.Nf3 d6 3.c3 Nf6 4.Bb5+ Bd7 5.Bxd7+ Qxd7 
6.Na3 a6 7.Qb3 Nxe4 8.Nc4 b5 9.Nb6 Qd8 10.Nxa8 c4 
11.Qc2 Nf6 12.d4 Nbd7 13.O-O Qxa8 14.Bg5 h6 15.Bh4 
e6 16.Rae1 Be7 17.Bg3 d5 18.Red1 O-O 19.Ne5 Rd8 
20.Qe2 a5 21.Rfe1 Qb7 22.Qf3 Ra8 23.Re3 b4 24.Ng4 
bxc3 25.bxc3 Rb8 26.Bxb8 Qxb8 27.Qh3 Qb2 28.Qh4 
Nxg4 29.Qxg4 Bg5 30.Re2 Qxc3 31.h4 Bf6 32.Re3 Qc2 
33.Ra3 Bxh4 34.g3 Nf6 35.Qf3 Bg5 36.Rxa5 Qe4 
37.Qc3 Qg4 38.Ra8+ Kh7 39.Kg2 Qxd1 40.a4 Qd2 
41.Qxd2 Bxd2 42.Kf3 c3 43.Ke2 Ne4 44.a5 
c2 0-1

[Event "HCL-C4123"]
[Site "www.playchess.de"]
[Date "2006.03.31"]
[Round "11"]
[White "Milosforman"]
[Black "Kelthek"]
[WhiteElo "930"]
[BlackElo "712"]
[PlyCount "99"]
[Result "1-0"]

1.d4 d5 2.Nc3 Nc6 3.e3 Nf6 4.Bb5 Bg4 5.f3 Bd7 
6.Bxc6 Bxc6 7.Nge2 e6 8.b3 Bb4 9.Bb2 O-O 10.Qd3 a6 
11.a3 Ba5 12.b4 Bb6 13.a4 Qd6 14.Ba3 Qd7 15.O-O a5 
16.b5 Bxb5 17.Nxb5 c6 18.Bxf8 Kxf8 19.e4 cxb5 
20.e5 Nh5 21.Qxh7 g6 22.c3 Bd8 23.g4 Ng7 24.axb5 
Qxb5 25.Qh8+ Ke7 26.Ng3 Ne8 27.Rfb1 Qc6 28.Ne2 Bb6 
29.Rb2 Nc7 30.Qf6+ Kd7 31.Qxf7+ Kd8 32.Qxg6 a4 
33.h4 Ba5 34.Rc2 Qc4 35.Rac1 b5 36.Nf4 Kc8 37.Nxe6 
Nxe6 38.Qxe6+ Kc7 39.Qd6+ Kb7 40.e6 Rd8 41.Qe5 Bc7 
42.Qg7 Re8 43.e7 Bd6 44.Qg6 Bxe7 45.Qxe8 Qc7 
46.Rb1 Qg3+ 47.Rg2 Qxh4 48.Rxb5+ Kc7 49.Rc5+ Kd6 
50.Qc6+ 1-0

[Event "HCL-A2666"]
[Site "www.playchess.de"]
[Date "2006.03.31"]
[Round "16"]
[White "Djusta"]
[Black "grannialex"]
[WhiteElo "1204"]
[BlackElo "1827"]
[PlyCount "104"]
[Result "0-1"]

1.e4 e6 2.d4 d5 3.e5 c5 4.c3 Nc6 5.Nf3 Qb6 6.Qb3 
Qxb3 7.axb3 cxd4 8.cxd4 Nb4 9.Bb5+ Bd7 10.Bxd7+ 
Kxd7 11.O-O Nh6 12.Bxh6 gxh6 13.Nc3 a6 14.Na2 Nxa2 
15.Rxa2 Rc8 16.Ne1 Be7 17.f4 Rc1 18.Nd3 Rxf1+ 
19.Kxf1 Rc8 20.Ra1 Rc2 21.Rd1 Kc6 22.Rc1 Rxc1+ 
23.Nxc1 f6 24.Nd3 fxe5 25.Nxe5+ Kb5 26.g4 Kb4 
27.f5 Kxb3 28.Ke2 Kxb2 29.Nd7 a5 30.Nb6 Kb3 
31.fxe6 a4 32.Nxd5 {(offering draw)}  Bd6 33.Kd3 
a3 34.Nc3 b5 35.Nxb5 a2 36.Nxd6 a1Q 37.Ke4 Qh1+ 
38.Ke5 Qxh2+ 39.Kd5 Qe2 40.Nf5 Qxg4 41.Ke5 Qe2+ 
42.Kd6 Qe4 43.e7 Kc4 44.Nxh6 Qxd4+ 45.Kc7 Qe5+ 
46.Kd7 Qd5+ 47.Kc7 Qe6 48.Nf5 Qxf5 49.e8Q Qc5+ 
50.Kb7 Qb5+ 51.Qxb5+ Kxb5 52.Kc7 
h5 0-1

[Event "HCL-A2573"]
[Site "www.playchess.de"]
[Date "2006.03.31"]
[Round "2"]
[White "scotty4u"]
[Black "organic"]
[WhiteElo "1332"]
[BlackElo "1352"]
[PlyCount "69"]
[Result "1/2-1/2"]

1.e4 e5 2.Bc4 Nc6 3.Nf3 Nf6 4.Nc3 Bc5 5.O-O O-O 
6.h3 d6 7.Ne2 Qe7 8.Re1 Be6 9.Bxe6 Qxe6 10.d3 Rad8 
11.c3 d5 12.d4 exd4 13.exd5 Nxd5 14.Nexd4 Qf6 
15.Bg5 Qd6 16.Bxd8 Rxd8 17.b4 Bxd4 18.Nxd4 Nxc3 
19.Nxc6 Nxd1 20.Nxd8 Qxd8 21.Raxd1 Qf8 22.Rd4 h6 
23.Red1 Kh7 24.a3 c5 25.R4d8 Qe7 26.bxc5 Qxc5 
27.a4 Qa5 28.R8d4 b5 29.axb5 Qxb5 30.g4 a5 31.R4d5 
Qb4 32.R1d4 Qe1+ 33.Kg2 Qa1 34.R4d1 Qc3 35.R1d3 
{(offering draw)}  1/2-1/2

[Event "HCL-A2658"]
[Site "www.playchess.de"]
[Date "2006.03.31"]
[Round "14"]
[White "mrchess"]
[Black "hal1958"]
[WhiteElo "1432"]
[BlackElo "1430"]
[PlyCount "141"]
[Result "1-0"]

1.d4 {prettige partij}  Nf6 2.Bg5 e6 3.e4 Be7 
4.Bd3 O-O 5.Nf3 a6 6.Nbd2 b5 7.O-O Bb7 8.c3 d6 
9.Qc2 Nbd7 10.Rfe1 h6 11.Bh4 c5 12.e5 dxe5 13.dxe5 
Nd5 14.Bxe7 Qxe7 15.Ne4 c4 16.Bf1 Nf4 17.g3 Ng6 
18.Bg2 Ngxe5 19.Nd4 Bxe4 20.Bxe4 Rab8 21.Kg2 Nc5 
22.Bh7+ Kh8 23.Rxe5 Nd7 24.Re2 Qf6 25.Be4 Nc5 
26.Bf3 Rbd8 27.Rae1 Nd3 28.Rd1 Ne5 29.Bb7 Rd6 
30.Red2 Rfd8 31.Ne2 Nd3 32.Nf4 R8d7 33.Nxd3 cxd3 
34.R2xd3 R6xd3 35.Rxd3 Rxb7 36.Qd2 Rb8 37.Rf3 Qe7 
38.Qf4 Rf8 39.Rd3 Qb7+ 40.Qf3 Qxf3+ {(offering 
draw)}  41.Kxf3 {ik sta iets beter denk ik}  Kg8 
42.Rd6 Ra8 43.Ke4 Kf8 44.Kd4 Ke7 45.Kc5 g5 46.Rb6 
Ra7 47.Kb4 Kd7 48.Ka5 f5 49.Rb8 h5 50.Rh8 Kc6 
51.Rxh5 g4 52.Rh6 Kd5 53.Rh8 Kc5 54.Rc8+ Kd6 
55.Kb6 Rh7 56.Kxa6 Rxh2 57.Kxb5 Rxf2 58.b4 Rxa2 
59.c4 Rc2 60.c5+ Kd7 61.Rh8 Rc3 62.Kb6 Rxg3 63.c6+ 
Kd6 64.Rd8+ Ke5 65.c7 Rb3 66.c8Q Rxb4+ 67.Ka5 Re4 
68.Rf8 Kf4 69.Qc1+ Ke5 70.Kb5 f4 
71.Qc5+ 1-0

[Event "HCL-C4213"]
[Site "www.playchess.de"]
[Date "2006.03.31"]
[Round "9"]
[White "O_Man"]
[Black "Milosforman"]
[WhiteElo "1123"]
[BlackElo "1017"]
[PlyCount "58"]
[Result "0-1"]

1.e4 d6 2.Nf3 e6 3.Bc4 Be7 4.O-O h6 5.d3 Bd7 6.Nc3 
a6 7.a4 Nc6 8.Bd2 d5 9.exd5 exd5 10.Nxd5 Bg4 11.h3 
Bh5 12.g4 Bg6 13.Nxe7 Ngxe7 14.g5 hxg5 15.Bxg5 f6 
16.Bh4 Nf5 17.Re1+ Nce7 18.Re2 Qd6 19.Re6 Qf4 
20.Bd5 O-O-O 21.c4 Nxh4 22.Nxh4 Rxh4 23.Rxe7 Bf5 
24.Bxb7+ Kxb7 25.Qb3+ Kc8 26.Rxg7 Rxh3 27.Rg3 
Rxg3+ 28.fxg3 Qxg3+ 29.Kf1 Bxd3+ 0-1

[Event "HCL-T266"]
[Site "www.playchess.de"]
[Date "2006.03.31"]
[Round "25"]
[White "wbaldan"]
[Black "ksterleu"]
[WhiteElo "1700"]
[BlackElo "1553"]
[PlyCount "78"]
[Result "0-1"]

1.e4 e6 2.d4 d5 3.Nc3 Bb4 4.e5 c5 5.a3 Bxc3+ {hi!} 
 6.bxc3 Ne7 7.Nf3 {Hi - have a pleasant game!}  
Nbc6 8.a4 Qa5 9.Qd2 f6 10.Bb5 a6 11.Bxc6+ bxc6 
12.exf6 gxf6 13.O-O Bd7 14.Qe3 O-O-O 15.Bd2 c4 
16.Rfb1 Nf5 17.Qf4 Qc7 18.Qxc7+ Kxc7 19.Rb2 Rdb8 
20.Rab1 Rxb2 21.Rxb2 Bc8 22.a5 Re8 23.Kf1 e5 
24.dxe5 fxe5 25.Rb1 Nd6 26.Nh4 Nb7 27.Ra1 Nd6 
28.Be3 Nb5 29.Bd2 Kd6 30.f4 Rf8 31.g3 exf4 
32.Bxf4+ Kc5 33.Ke2 Bg4+ 34.Kd2 Re8 35.Be3+ Kd6 
36.Ng2 d4 37.cxd4 Nxd4 38.Nf4 Nf3+ 39.Ke2 
Nd4+ 0-1

[Event "HCL-B3794"]
[Site "www.playchess.de"]
[Date "2006.03.31"]
[Round "9"]
[White "Marvinni"]
[Black "jeffpol"]
[WhiteElo "1665"]
[BlackElo "1200"]
[PlyCount "67"]
[Result "1-0"]

1.d4 Nc6 2.Nc3 Nxd4 3.Qxd4 d5 4.Qxd5 e6 5.Qxd8+ 
Kxd8 6.Bf4 Nf6 7.O-O-O+ Bd7 8.Nf3 Kc8 9.e4 Bc5 
10.Rd2 h5 11.h3 Bc6 12.e5 Nd5 13.Nxd5 Bxd5 14.c4 
Be4 15.Ng5 Rf8 16.Nxe4 Bb4 17.Nc3 f5 18.exf6 Rxf6 
19.Be5 Rf5 20.Bxg7 a5 21.Bd3 Rf7 22.Be5 a4 23.a3 
Bd6 24.Bxd6 cxd6 25.Bg6 Rf4 26.Bxh5 Rxc4 27.Rhd1 
Ra6 28.Be2 Rf4 29.Bxa6 bxa6 30.R2xd6 Rxf2 31.Rxe6 
Rxg2 32.Rf1 a5 33.Re7 Kd8 34.Ra7 1-0

[Event "HCL-B3708"]
[Site "www.playchess.de"]
[Date "2006.03.31"]
[Round "5"]
[White "dOoOb"]
[Black "filbert"]
[WhiteElo "800"]
[BlackElo "1500"]
[PlyCount "96"]
[Result "0-1"]

1.e4 c5 2.c4 Nc6 3.Nc3 b6 4.g4 Bb7 5.Bg2 g6 6.f4 
Bg7 7.e5 e6 8.Be4 Rc8 9.b3 Nge7 10.Qf3 Nd4 11.Qd3 
Bxe4 12.Nxe4 O-O 13.Nd6 Ra8 14.Bb2 Nc8 15.Bxd4 
Nxd6 16.exd6 Bxd4 17.Rc1 Qb8 18.Nf3 Qxd6 19.Kd1 
Qxf4 20.Re1 Qxg4 21.Re4 Qf5 22.Nxd4 cxd4 23.Qxd4 
Rad8 24.Re5 Qf3+ 25.Kc2 d6 26.Re3 Qf5+ 27.d3 d5 
28.h3 dxc4 29.Qxc4 Rdc8 30.Qxc8 Rxc8+ 31.Kd2 Rxc1 
32.Kxc1 Qf1+ 33.Kd2 Qg2+ 34.Re2 Qxh3 35.a4 h5 
36.b4 g5 37.d4 Qb3 38.d5 Qxb4+ 39.Kd1 Qb3+ 40.Ke1 
Qxd5 41.Rd2 h4 42.Rxd5 exd5 43.Ke2 d4 44.Kd3 h3 
45.Kxd4 h2 46.a5 h1Q 47.a6 Qe1 48.Kc4 
g4 0-1